000 00242nam a2200097Ia 4500
008 230915s9999 xx 000 0 und d
050 _aSB71.R34 1985
100 _aJOAN ELMA RAHN
245 0 _aMORE PLANDS THAT CHANGED HISTORY
942 _cBK
999 _c201667
_d201667